Open Data Biblioteca Nacional de Portugal


República Portuguesa: Ministério da Cultura
Biblioteca Nacional de Portugal

Catálogo da BNP: acesso por Identificadores Unívocos
Registos Bibliográficos associados ao registo de autoridade

Etiqueta de registo: 00000nam 2200025 450
001 2286277
003 http://id.bnportugal.gov.pt/bib/catbnp/2286277
100 ## $a20260513d2024 k y0pory01030103ba
101 0# $aeng$dpor
102 ## $aPT
105 ## $aa m 000yy
106 ## $ar
200 1# $aBacterial cellulose green composites$fFrancisco de Almeida Garrett Soares da Silva$gorient. Francisco Miguel Portela da Gama, Maria de Fátima Filipe Poças
210 #9 $a[S.l.$cs.n.],$d2024
215 ## $aXXIII, 223 p.$cil.$d30 cm
328 #1 $aTese dout. Biological Engineering, Escola de Engenharia, Universidade do Porto, 2024
700 #1 $aSilva,$bFrancisco de Almeida Garrett Soares da$31998350
702 #1 $aGama,$bFrancisco Miguel Portela da$4727$346728
702 #1 $aPoças,$bMaria de Fátima dos Reis Filipe Tavares$4727$31459078
801 #0 $aPT$bBN$gRPC
966 ## $lBN$mFGMON$x1
971 ## $corlando$d20260513

OpendataBNP@bnportugal.pt | Mais informação sobre acesso aos dados BNP